000 00307nam a2200121 a 4500
005 20140414132117.0
008 111026s19uu xx 00 eng d
050 _aM 628.5
_bC43 2010
100 _aChiang, Mona
245 _aOil spill disaster.
260 _aNew York :
_bScholastic,
_c2010.
999 _c114946
_d114946